| 000 | 00951cam a22002054a 4500 | ||
|---|---|---|---|
| 005 | 20250605164214.0 | ||
| 008 | 250528s ||||||||||||||||||||||||d | ||
| 035 | _a20412 | ||
| 020 | _a631132597 | ||
| 040 |
_aGR-AtMCL _bgre _dGR-AtMCL _eAACR2 |
||
| 245 | 1 | _aLiterary Theory / An Introduction | |
| 260 |
_bBlackwell, _c1983 |
||
| 300 | _a248 | ||
| 505 | 0 | _aPreface, Introduction: What is Literature, The Rise of English, Phenomenology and Hermeneutics and Reception Theory, Structuralism and Semiotics, Post-Structuralism, Psychoanalysis, Conclusion: Political Critisism, Notes, Bibliography, Index. | |
| 520 | _aPreface, Introduction: What is Literature, The Rise of English, Phenomenology and Hermeneutics and Reception Theory, Structuralism and Semiotics, Post-Structuralism, Psychoanalysis, Conclusion: Political Critisism, Notes, Bibliography, Index. | ||
| 700 | 1 |
_aEagleton Terry _96393 |
|
| 942 | _cBK | ||
| 999 |
_c5521 _d5521 |
||